|
|
|
|
| LEADER |
02614nam a2200661 a 4500 |
| 001 |
nkc20102039497 |
| 003 |
CZ PrNK |
| 005 |
20140604102659.0 |
| 007 |
ta |
| 008 |
100215s2010 xr f 001 0 cze |
| 015 |
|
|
|a cnb002039497
|
| 020 |
|
|
|a 978-80-200-1857-1
|q (váz.)
|
| 035 |
|
|
|a (OCoLC)697262050
|
| 040 |
|
|
|a ABA001
|b cze
|d OLA001
|
| 041 |
1 |
|
|a cze
|h eng
|
| 043 |
|
|
|a e-uk-en
|
| 045 |
|
|
|a t-u-
|
| 072 |
|
7 |
|a 821.111.09
|x Anglická literatura, anglicky psaná (o ní)
|2 Konspekt
|9 11
|
| 080 |
|
|
|a 821.111-2
|2 MRF
|
| 080 |
|
|
|a 821.111-1
|2 MRF
|
| 080 |
|
|
|a 82"13/15"
|2 MRF
|
| 080 |
|
|
|a 82:316.3
|2 MRF
|
| 080 |
|
|
|a 82.07
|2 MRF
|
| 080 |
|
|
|a 81'255.4
|2 MRF
|
| 080 |
|
|
|a (410.1)
|2 MRF
|
| 080 |
|
|
|a (048.8)
|2 MRF
|
| 100 |
1 |
|
|a Hilský, Martin,
|d 1943-
|7 jk01041063
|4 aut
|
| 245 |
1 |
0 |
|a Shakespeare a jeviště svět /
|c Martin Hilský
|
| 250 |
|
|
|a Vyd. 1.
|
| 260 |
|
|
|a Praha :
|b Academia,
|c 2010
|
| 300 |
|
|
|a 909 s. ;
|c 25 cm
|
| 490 |
1 |
|
|a Historie
|
| 500 |
|
|
|a Část. přeloženo z angličtiny
|
| 504 |
|
|
|a Obsahuje bibliografii, bibliografické odkazy a rejstříky
|
| 600 |
1 |
7 |
|a Shakespeare, William,
|d 1564-1616
|7 jn19981002129
|2 czenas
|
| 648 |
|
7 |
|a 16.-17. století
|7 ch757028
|2 czenas
|
| 650 |
0 |
7 |
|a anglické drama
|7 ph114054
|y 16.-17. století
|2 czenas
|
| 650 |
0 |
7 |
|a anglická poezie
|7 ph114051
|y 16.-17. století
|2 czenas
|
| 650 |
0 |
7 |
|a renesanční literatura
|7 ph125127
|z Anglie
|y 16.-17. století
|2 czenas
|
| 650 |
0 |
7 |
|a literatura a společnost
|7 ph122371
|z Anglie
|y 16.-17. století
|2 czenas
|
| 650 |
0 |
7 |
|a interpretace a přijetí literárního díla
|7 ph137145
|2 czenas
|
| 650 |
0 |
7 |
|a literární překlady
|7 ph122392
|2 czenas
|
| 650 |
0 |
9 |
|a English drama
|y 16th-17th centuries
|2 eczenas
|
| 650 |
0 |
9 |
|a English poetry
|y 16th-17th centuries
|2 eczenas
|
| 650 |
0 |
9 |
|a renaissance literature
|z England
|y 16th-17th centuries
|2 eczenas
|
| 650 |
0 |
9 |
|a literature and society
|z England
|y 16th-17th centuries
|2 eczenas
|
| 650 |
0 |
9 |
|a interpretation and reception of literature
|2 eczenas
|
| 650 |
0 |
9 |
|a literary translation
|2 eczenas
|
| 655 |
|
7 |
|a monografie
|7 fd132842
|2 czenas
|
| 655 |
|
9 |
|a monographs
|2 eczenas
|
| 830 |
|
0 |
|a Historie (Academia)
|0 s
|
| 856 |
4 |
1 |
|u http://www.digitalniknihovna.cz/mzk/uuid/uuid:9a4c3350-f5cf-11e7-8226-005056827e52
|y Digitalizovaný dokument
|x NDK
|
| 910 |
2 |
|
|a BOA001
|b 2-1253.021
|
| 990 |
|
|
|a BK
|
| 995 |
|
|
|a 01
|
| 991 |
|
|
|b 201012
|c NOV
|e n
|
| 996 |
6 |
|
|b 2610453967
|c 2-1253.021
|l MZK
|r Sklad / do 1 hodiny
|n 26
|p p.v.
|w 001157961
|u 000010
|a 1
|e BOA001
|j MZK50
|s P
|
| 996 |
7 |
|
|b 2610484170
|c 2-1253.021
|l MZK
|r Sklad / do 1 hodiny
|n 27
|p kup
|w 001157961
|u 000020
|a 1
|e BOA001
|j MZK50
|s A
|